El sexo del franquismo / (Record no. 18518)

MARC details
000 -LEADER
campo de control de longitud fija 00774nam a22002771i 4500
001 - NÚMERO DE CONTROL
campo de control 18518
003 - IDENTIFICADOR DE NÚMERO DE CONTROL
campo de control ES-MaACL
007 - CAMPO FIJO DE DESCRIPCIÓN FÍSICA--INFORMACIÓN GENERAL
campo de control de longitud fija t|
008 - DATOS DE LONGITUD FIJA--INFORMACIÓN GENERAL
campo de control de longitud fija 020128s1977 sp r ||||0| spa j
016 7# - NÚMERO DE CONTROL DE UNA AGENCIA BIBLIOGRÁFICA NACIONAL
Número de control cancelado/no válido IND9100111675
020 ## - NÚMERO INTERNACIONAL ESTÁNDAR DEL LIBRO
Número Internacional Estándar del Libro 84-85229-28-2
040 ## - FUENTE DE CATALOGACIÓN
Centro catalogador/agencia de origen M-BN
Lengua de catalogación spa
Centro/agencia transcriptor A2
080 ## - NÚMERO DE LA CLASIFICACIÓN DECIMAL UNIVERSAL
Número de la Clasificación Decimal Universal 612.6.06
080 ## - NÚMERO DE LA CLASIFICACIÓN DECIMAL UNIVERSAL
Número de la Clasificación Decimal Universal 392.6(46)"1939/75"
100 1# - ENTRADA PRINCIPAL--NOMBRE DE PERSONA
Nombre de persona Caballero, Oscar.
9 (RLIN) 33089
245 13 - MENCIÓN DEL TÍTULO
Título El sexo del franquismo /
Mención de responsabilidad, etc. Oscar Caballero.
260 ## - PUBLICACIÓN, DISTRIBUCIÓN, ETC.
Lugar de publicación, distribución, etc. Madrid :
Nombre del editor, distribuidor, etc. Cambio 16,
Fecha de publicación, distribución, etc. D.L. 1977.
300 ## - DESCRIPCIÓN FÍSICA
Extensión 318 p., 1 h ;
Dimensiones 20 cm.
490 1# - MENCIÓN DE SERIE
Mención de serie España viva
500 ## - NOTA GENERAL
Nota general Indice.
650 17 - PUNTO DE ACCESO ADICIONAL DE MATERIA--TÉRMINO DE MATERIA
Término de materia o nombre geográfico como elemento de entrada Sexo
Fuente del encabezamiento o término embne
9 (RLIN) 17075
650 14 - PUNTO DE ACCESO ADICIONAL DE MATERIA--TÉRMINO DE MATERIA
Término de materia o nombre geográfico como elemento de entrada Costumbres sexuales-
Subdivisión geográfica España-
Subdivisión cronológica 1939-1975.
9 (RLIN) 11399
830 0# - PUNTO DE ACCESO ADICIONAL DE SERIE-TÍTULO UNIFORME
Título uniforme España viva
9 (RLIN) 180467
852 ## - LOCALIZACIÓN
Ubicación ES-MaACL
Número de control de estantería G-1299
Sublocalización o colección R.130948
Holdings
Estatus retirado Estado de pérdida Estado de daño No para préstamo Biblioteca de origen Biblioteca actual Ubicación en estantería Fecha de adquisición Fuente de adquisición Total de préstamos Signatura topográfica completa Código de barras Visto por última vez Precio de reemplazo Tipo de ítem Koha
        Biblioteca del Ateneo de Madrid Biblioteca del Ateneo de Madrid Depósito 2 17/01/2008     G-1299 1018951 23/02/2023 23/02/2023 Libro impreso